| 000 | 00737 a2200205 4500 | ||
|---|---|---|---|
| 003 | UA-OsUOA | ||
| 005 | 20250131140725.0 | ||
| 008 | 250131b un ||||| |||| 00| 0 ukr d | ||
| 040 |
_bukr _cUA-OsUOA |
||
| 080 | _a017 | ||
| 090 |
_a017 _bК29 |
||
| 245 |
_aКаталог книжок про російсько-українську війну 2014 – вересень 2023 _cГанна Скоріна |
||
| 260 |
_aК. _bБілка _c2023 |
||
| 300 | _a50 с. | ||
| 650 |
_a017 Каталоги загалом _918614 |
||
| 700 | 1 |
_aСкоріна Г. _918615 |
|
| 942 |
_cBK _2udc |
||
| 955 | _a7 | ||
| 999 |
_c578068 _d578068 |
||